Les Meilleurs buteurs de l'Euro 1984 - Statistiques

Statistiques générales
  • Ce quiz a été pris 31 fois
  • Le résultat moyen est 2 sur 7
Statistiques - réponses
Buts Équipe Joueur % Correct
9 France Michel Platini
100%
2 France Jean-François Domergue
42%
2 Danemark Preben Elkjær Larsen
26%
2 Portugal Jordão
21%
2 Allemagne de l'Ouest Rudi Völler
21%
2 Espagne Antonio Maceda
5%
3 Danemark Frank Arnesen
5%
Aucun quiz correspondant
Distribution des résultats
% des personnes avec chaque résultat
Percentile par nombre de réponses
Votre historique - résultats
Vous n’avez pas pris ce quiz